ART OF COMMUNICATION (Record no. 40543)

MARC details
000 -LEADER
fixed length control field 00366nam a2200157Ia 4500
008 - FIXED-LENGTH DATA ELEMENTS--GENERAL INFORMATION
fixed length control field 200305s9999 xx 000 0 und d
020 ## - INTERNATIONAL STANDARD BOOK NUMBER
International Standard Book Number 978-81-7835-982-3
082 ## - DEWEY DECIMAL CLASSIFICATION NUMBER
Classification number 070
082 ## - DEWEY DECIMAL CLASSIFICATION NUMBER
Item number VEA
041 ## - LANGUAGE CODE
Language code of text/sound track or separate title eng
100 ## - MAIN ENTRY--PERSONAL NAME
Personal name VERMA K.C.
245 ## - TITLE STATEMENT
Title ART OF COMMUNICATION
260 ## - PUBLICATION, DISTRIBUTION, ETC.
Place of publication, distribution, etc. NEW DELHI
Name of publisher, distributor, etc. KALPAZ PUBLICATION
300 ## - PHYSICAL DESCRIPTION
Extent 245
650 ## - SUBJECT ADDED ENTRY--TOPICAL TERM
Topical term or geographic name entry element MASSCOMMUNICATION
Holdings
Withdrawn status Lost status Damaged status Not for loan Home library Current library Date acquired Cost, normal purchase price Total Checkouts Full call number Barcode Date last seen Date last checked out Cost, replacement price Price effective from Koha item type Date due
        Chaudhary Ranbir Singh University Chaudhary Ranbir Singh University 05.03.2020 735.00 6 070 VEA 17798 17.03.2025 11.02.2025 735.00 05.03.2020 Books  
        Chaudhary Ranbir Singh University Chaudhary Ranbir Singh University 05.03.2020 735.00 2 070 VEA 17799 15.03.2024 29.02.2024 735.00 05.03.2020 Books  
        Chaudhary Ranbir Singh University Chaudhary Ranbir Singh University 05.03.2020 735.00 1 070 VEA 17800 01.09.2025 01.09.2025 735.00 05.03.2020 Books 01.10.2025


Copyright © 2025 CRSU. All Rights Reserved.